00817nam a2200253Ia 4500003000900000005001700009008004100026040001300067040001300080041000800093100003000101245008800131250001100219260001200230260000900242300001100251300001000262490000600272600002000278700003000298942001200328999001700340952020600357IT-RoPAU20220918175827.0120407s9999 xx 000 0 und d aIT-RoPAU cIT-RoPAU aita aOrazio Petrosillo 936000 aLa Sindone. Storia di un enigma, prefazione di Vittorio Messori. 3° ed aggiornata  aMilano aRizzoli c1998 a300 p. c23 cm v1 aBrossura934006 aEmanuela Marinelli934766 cBK2ddc c31920d31920 00102ddc406232_900000000000000_13271aPAULUSbPAULUSd2012-04-11l0o232.9.132r2012-04-11 00:00:00w2012-04-11yBKzInserito da: Mario In data: 19 settembre 2011 fondo: Via A.Severo 56 Progr:21775